[Event "Hessenliga 1921"]
[Site "Hessen"]
[Date "2020.01.26"]
[Round "5.4"]
[White "Roeschlau, Bernd"]
[Black "Konrad, Lutz"]
[Result "0-1"]
[WhiteElo "2222"]
[BlackElo "2173"]
[PlyCount "90"]
[EventDate "2019.09.22"]
[EventType "team-tourn"]
[EventRounds "9"]
[EventCountry "GER"]
[SourceTitle "EXT 2024"]
[Source "ChessBase"]
[SourceDate "2023.10.10"]
[SourceVersion "1"]
[SourceVersionDate "2023.10.10"]
[SourceQuality "1"]
[WhiteTeam "Frankfurt Bvk"]
[BlackTeam "Giessen"]
[WhiteTeamCountry "GER"]
[BlackTeamCountry "GER"]

1. a3 g6 2. e4 Bg7 3. Nc3 c6 4. d4 d5 5. e5 f6 6. Bf4 Nh6 7. Qd2 Nf7 8. Nf3 Bg4 9. exf6 exf6 10. Qe3+ Qe7 11. Be2 Qxe3 12. fxe3 0-0 13. h3 Bf5 14. 0-0-0 g5 15. Bh2 Re8 16. Bd3 Bxd3 17. Rxd3 b5 18. Ne2 Nd7 19. Ng3 Nd6 20. Nh5 Bf8 21. Rf1 Re6 22. Bg1 Rae8 23. Nh2 Kf7 24. g4 Nc4 25. Rf3 c5 26. Bf2 Ra6 27. Rf5 b4 28. Rxd5 Ncb6 29. Rf5 c4 30. Rd1 bxa3 31. Kd2 axb2 32. Rb1 Ra1 33. Rxb2 c3+ 34. Kxc3 Na4+ 35. Kd2 Nxb2 36. Nf3 h6 37. h4 Rc8 38. c3 Bb4 39. Ne5+ Nxe5 40. Rxf6+ Kg8 41. dxe5 Bxc3+ 42. Ke2 Bxe5 43. Rxh6 Nc4 44. hxg5 Ra2+ 45. Kf3 Nd2+ 0-1

[Event "Hessenliga 1921"]
[Site "Hessen"]
[Date "2019.11.10"]
[Round "3.5"]
[White "Diyap, Murat"]
[Black "Konrad, Lutz"]
[Result "1/2-1/2"]
[WhiteElo "2168"]
[BlackElo "2173"]
[PlyCount "82"]
[EventDate "2019.09.22"]
[EventType "team-tourn"]
[EventRounds "9"]
[EventCountry "GER"]
[SourceTitle "EXT 2024"]
[Source "ChessBase"]
[SourceDate "2023.10.10"]
[SourceVersion "1"]
[SourceVersionDate "2023.10.10"]
[SourceQuality "1"]
[WhiteTeam "Frankfurt TV"]
[BlackTeam "Giessen"]
[WhiteTeamCountry "GER"]
[BlackTeamCountry "GER"]

1. e4 g6 2. d4 Bg7 3. Nc3 c6 4. Bc4 d6 5. Qf3 e6 6. Nge2 Nd7 7. 0-0 Ngf6 8. Bg5 Qa5 9. Bh4 0-0 10. Bg3 e5 11. Bb3 b5 12. dxe5 dxe5 13. Rfd1 Bb7 14. Bh4 b4 15. Nb1 Qc7 16. Nd2 c5 17. c3 a5 18. Rac1 Qc6 19. Qe3 Rac8 20. cxb4 axb4 21. f3 Nb6 22. Rc2 Rfe8 23. Nc1 Ba6 24. Bf2 Bf8 25. Nc4 Nxc4 26. Bxc4 Bxc4 27. Rxc4 Red8 28. Re1 Qb5 29. b3 Rd4 30. Rc2 Nd7 31. Qe2 Qxe2 32. Nxe2 Rd6 33. Be3 f5 34. exf5 gxf5 35. Kf1 Kf7 36. Rec1 Rdc6 37. Rd2 Ke6 38. Rdc2 Nf6 39. Bd2 Nd5 40. f4 Ra6 41. Re1 e4 1/2-1/2

[Event "Hessenliga 1921"]
[Site "Hessen"]
[Date "2019.09.22"]
[Round "1.5"]
[White "Knickel, Aaron"]
[Black "Konrad, Lutz"]
[Result "1/2-1/2"]
[WhiteElo "2145"]
[BlackElo "2173"]
[PlyCount "52"]
[EventDate "2019.09.22"]
[EventType "team-tourn"]
[EventRounds "9"]
[EventCountry "GER"]
[SourceTitle "EXT 2024"]
[Source "ChessBase"]
[SourceDate "2023.10.10"]
[SourceVersion "1"]
[SourceVersionDate "2023.10.10"]
[SourceQuality "1"]
[WhiteTeam "Neuberg II"]
[BlackTeam "Giessen"]
[WhiteTeamCountry "GER"]
[BlackTeamCountry "GER"]

1. g3 g6 2. Bg2 Bg7 3. c4 e5 4. Nc3 d6 5. e4 f5 6. Nge2 fxe4 7. Nxe4 Nc6 8. d3 Be6 9. b4 Qd7 10. b5 Nd8 11. Bb2 Nf6 12. Ng5 0-0 13. Nxe6 Qxe6 14. 0-0 c6 15. Qa4 d5 16. bxc6 bxc6 17. cxd5 Nxd5 18. Rac1 Rf7 19. Ba3 Nf6 20. Qc2 Rc8 21. Nc3 Bf8 22. Bxf8 Rxf8 23. Ne4 Ne8 24. Ng5 Qf6 25. h4 h6 26. Qb3+ Kh8 1/2-1/2

[Event "Hessenliga 1617"]
[Site "Hessen"]
[Date "2017.01.15"]
[Round "5.2"]
[White "Konrad, Lutz"]
[Black "Meyer, Stefan"]
[Result "1/2-1/2"]
[WhiteElo "2175"]
[BlackElo "2126"]
[PlyCount "53"]
[EventDate "2016.09.18"]
[EventType "team-tourn"]
[EventRounds "9"]
[EventCountry "GER"]
[SourceTitle "EXT 2018"]
[Source "ChessBase"]
[SourceDate "2017.10.13"]
[SourceVersion "1"]
[SourceVersionDate "2017.10.13"]
[SourceQuality "1"]
[WhiteTeam "Giessen"]
[BlackTeam "Dotzheim"]
[WhiteTeamCountry "GER"]
[BlackTeamCountry "GER"]

1. d4 e6 2. Nf3 f5 3. Bg5 Be7 4. Bxe7 Qxe7 5. Nbd2 Nf6 6. g3 0-0 7. Bg2 Nc6 8. c3 a5 9. Ne5 Nxe5 10. dxe5 Ng4 11. Nf3 d6 12. exd6 cxd6 13. Qb3 Kh8 14. h3 Nf6 15. e3 Ne4 16. 0-0 Bd7 17. Rad1 Rfc8 18. c4 Qe8 19. Qd3 b5 20. b3 bxc4 21. bxc4 Ra6 22. Rc1 Rb6 23. Nd4 Nc5 24. Qd2 a4 25. Ne2 Rcb8 26. Nc3 Bc6 27. Bxc6 1/2-1/2

[Event "Hessenliga 1617"]
[Site "Hessen"]
[Date "2016.12.11"]
[Round "4.2"]
[White "Rosenberger, Berthold"]
[Black "Konrad, Lutz"]
[Result "1-0"]
[WhiteElo "2217"]
[BlackElo "2175"]
[PlyCount "173"]
[EventDate "2016.09.18"]
[EventType "team-tourn"]
[EventRounds "9"]
[EventCountry "GER"]
[SourceTitle "EXT 2018"]
[Source "ChessBase"]
[SourceDate "2017.10.13"]
[SourceVersion "1"]
[SourceVersionDate "2017.10.13"]
[SourceQuality "1"]
[WhiteTeam "Dettingen"]
[BlackTeam "Giessen"]
[WhiteTeamCountry "GER"]
[BlackTeamCountry "GER"]

1. d4 g6 2. Nf3 Bg7 3. c4 c5 4. e3 Na6 5. Nc3 d6 6. Be2 Nf6 7. a3 0-0 8. 0-0 Rb8 9. h3 Bd7 10. Rb1 Qe8 11. b4 b6 12. Nb5 Rb7 13. bxc5 dxc5 14. Bb2 Bf5 15. Bd3 Bxd3 16. Qxd3 Rd7 17. Ne5 Rb7 18. d5 Nc7 19. a4 a6 20. Nxc7 Rxc7 21. Nc6 Nd7 22. Nxe7+ Qxe7 23. d6 Qd8 24. dxc7 Qxc7 25. Bxg7 Kxg7 26. a5 bxa5 27. Qc3+ Kg8 28. Ra1 Ne5 29. Qxa5 Qe7 30. Qxa6 Nd3 31. Qc6 Nb4 32. Qb6 Nd3 33. Rfd1 Qe5 34. Qb3 Nb4 35. Ra7 Nc6 36. Rd5 Qe6 37. Ra6 Qc8 38. Ra1 Nb4 39. Rd2 Qc7 40. Qc3 Qe7 41. Rad1 Qg5 42. Rd6 Qh4 43. Qf6 Qxf6 44. Rxf6 Kg7 45. Rb6 Rc8 46. Rd7 Nc6 47. Rbb7 Ne5 48. Re7 Kf6 49. Rec7 Rxc7 50. Rxc7 Nxc4 51. Rxc5 Ne5 52. f4 Nd7 53. Rc6+ Kg7 54. g4 h6 55. Kf2 Nf8 56. Kf3 Nd7 57. e4 g5 58. Rd6 Nf8 59. f5 f6 60. e5 fxe5 61. Ke4 Kf7 62. Rxh6 Nd7 63. Rh7+ Kf6 64. Rh6+ Kf7 65. Rc6 Ke7 66. Rg6 Nc5+ 67. Kxe5 Nd3+ 68. Ke4 Nf2+ 69. Kf3 Nxh3 70. Kg3 Nf4 71. Rxg5 Nd5 72. Rg7+ Kf6 73. Rg6+ Kf7 74. Rd6 Nc3 75. Rd3 Ne4+ 76. Kf4 Nc5 77. Rc3 Na6 78. g5 Nb4 79. Rc7+ Kf8 80. Rb7 Nd3+ 81. Kg4 Ne5+ 82. Kh5 Nd3 83. g6 Nc5 84. Rc7 Ne4 85. Kh6 Nd6 86. Kh7 Nxf5 87. Rf7+ 1-0

[Event "Hessenliga 1617"]
[Site "Hessen"]
[Date "2016.09.18"]
[Round "1.2"]
[White "Mueller, Maximilian"]
[Black "Konrad, Lutz"]
[Result "1-0"]
[WhiteElo "2281"]
[BlackElo "2175"]
[PlyCount "81"]
[EventDate "2016.09.18"]
[EventType "team-tourn"]
[EventRounds "9"]
[EventCountry "GER"]
[SourceTitle "EXT 2018"]
[Source "ChessBase"]
[SourceDate "2017.10.13"]
[SourceVersion "1"]
[SourceVersionDate "2017.10.13"]
[SourceQuality "1"]
[WhiteTeam "Gernsheim"]
[BlackTeam "Giessen"]
[WhiteTeamCountry "GER"]
[BlackTeamCountry "GER"]

1. e4 g6 2. c4 Bg7 3. Nc3 e5 4. Nge2 Nc6 5. d3 d6 6. h4 f5 7. h5 Be6 8. Nd5 f4 9. hxg6 hxg6 10. Rxh8 Bxh8 11. g3 fxg3 12. Nxg3 Qd7 13. Be3 Nf6 14. Be2 Nd4 15. Qd2 c6 16. Bxd4 exd4 17. Nf4 Bf7 18. Bf1 g5 19. Nfe2 Nh7 20. Nf5 c5 21. Bh3 Be6 22. a4 0-0-0 23. b4 Bf6 24. b5 Rg8 25. f3 Nf8 26. 0-0-0 Rh8 27. Bg4 Ng6 28. Neg3 Be5 29. Kb1 Bf4 30. Qf2 Ne5 31. Nh5 Kb8 32. Nxf4 gxf4 33. Qd2 Ng6 34. Rg1 Qd8 35. Nh6 Bxg4 36. Nf7 Qf6 37. Nxh8 Nxh8 38. Rxg4 Ng6 39. Qh2 Ne5 40. Rg8+ Kc7 41. a5 1-0

[Event "Oberliga Ost-B 1516"]
[Site "Germany"]
[Date "2016.04.09"]
[Round "10.2"]
[White "Nehmert, Ulrich"]
[Black "Konrad, Lutz"]
[Result "1-0"]
[WhiteElo "2360"]
[BlackElo "2179"]
[PlyCount "39"]
[EventDate "2015.09.20"]
[EventType "team-tourn"]
[EventRounds "11"]
[EventCountry "GER"]
[SourceTitle "EXT 2017"]
[Source "ChessBase"]
[SourceDate "2016.10.25"]
[SourceVersion "1"]
[SourceVersionDate "2016.10.25"]
[SourceQuality "1"]
[WhiteTeam "Wiesbaden"]
[BlackTeam "Giessen"]
[WhiteTeamCountry "GER"]
[BlackTeamCountry "GER"]

1. c4 g6 2. Nc3 Bg7 3. d4 c5 4. e3 Nh6 5. Nf3 0-0 6. Be2 d6 7. 0-0 Nc6 8. d5 Ne5 9. Ng5 e6 10. f4 exd5 11. fxe5 Qxg5 12. exd6 d4 13. exd4 Bxd4+ 14. Qxd4 Qxc1 15. Qe5 Qxb2 16. Rab1 Qc2 17. Nd5 f5 18. Rb2 Qa4 19. Ne7+ Kf7 20. Nxc8 1-0

[Event "Oberliga Ost-B 1516"]
[Site "Germany"]
[Date "2016.02.20"]
[Round "9.4"]
[White "Konrad, Lutz"]
[Black "Kastner, Peter"]
[Result "1/2-1/2"]
[WhiteElo "2179"]
[BlackElo "2157"]
[PlyCount "36"]
[EventDate "2015.09.20"]
[EventType "team-tourn"]
[EventRounds "11"]
[EventCountry "GER"]
[SourceTitle "EXT 2017"]
[Source "ChessBase"]
[SourceDate "2016.10.25"]
[SourceVersion "1"]
[SourceVersionDate "2016.10.25"]
[SourceQuality "1"]
[WhiteTeam "Giessen"]
[BlackTeam "Liebschwitz"]
[WhiteTeamCountry "GER"]
[BlackTeamCountry "GER"]

1. d4 d5 2. Nf3 Nf6 3. c3 c6 4. Bg5 Ne4 5. Bh4 Qb6 6. Qc1 Bf5 7. Nbd2 Nd7 8. Nxe4 Bxe4 9. e3 e6 10. Nd2 Bg6 11. Bg3 Be7 12. Be2 0-0 13. b4 a5 14. a3 Qd8 15. 0-0 b6 16. Qb2 Bh4 17. Bxh4 Qxh4 18. Nf3 Qe7 1/2-1/2

[Event "Oberliga Ost-B 1415"]
[Site "Germany"]
[Date "2015.02.22"]
[Round "8.5"]
[White "Wege, Jochen"]
[Black "Konrad, Lutz"]
[Result "1-0"]
[WhiteElo "2239"]
[BlackElo "2166"]
[PlyCount "33"]
[EventDate "2014.09.21"]
[EventType "team-tourn"]
[EventRounds "11"]
[EventCountry "GER"]
[SourceTitle "EXT 2016"]
[Source "ChessBase"]
[SourceDate "2015.10.08"]
[SourceVersion "1"]
[SourceVersionDate "2015.10.08"]
[SourceQuality "1"]
[WhiteTeam "Frankfurt BvK"]
[BlackTeam "Giessen"]
[WhiteTeamCountry "GER"]
[BlackTeamCountry "GER"]

1. e4 d5 2. exd5 Qxd5 3. Nc3 Qd6 4. d4 g6 5. Bd3 Bg7 6. Nge2 Nf6 7. 0-0 Ng4 8. Bf4 e5 9. dxe5 Bxe5 10. Bb5+ Bd7 11. Qxd6 cxd6 12. Rad1 Nc6 13. Ne4 Nd4 14. Bxe5 Nxe2+ 15. Bxe2 Nxe5 16. f4 Bg4 17. Nf6+ 1-0

[Event "Oberliga Ost-B 1415"]
[Site "Germany"]
[Date "2015.01.18"]
[Round "7.5"]
[White "Konrad, Lutz"]
[Black "Buckan, Jens"]
[Result "1-0"]
[WhiteElo "2166"]
[BlackElo "2126"]
[PlyCount "79"]
[EventDate "2014.09.21"]
[EventType "team-tourn"]
[EventRounds "11"]
[EventCountry "GER"]
[SourceTitle "EXT 2016"]
[Source "ChessBase"]
[SourceDate "2015.10.08"]
[SourceVersion "1"]
[SourceVersionDate "2015.10.08"]
[SourceQuality "1"]
[WhiteTeam "Giessen"]
[BlackTeam "Erfurt Empor"]
[WhiteTeamCountry "GER"]
[BlackTeamCountry "GER"]

1. d4 Nf6 2. Bg5 e6 3. e4 Be7 4. e5 Nd5 5. Bxe7 Qxe7 6. c4 Qb4+ 7. Nd2 Ne7 8. Qc1 Nf5 9. Ngf3 Nc6 10. a3 Qe7 11. Qc3 d6 12. Bd3 dxe5 13. dxe5 Bd7 14. Ne4 Nh4 15. Nxh4 Qxh4 16. 0-0 Qf4 17. Rfe1 Qxe5 18. Qb3 Rb8 19. Rad1 f5 20. Ng3 Qc5 21. Bxf5 0-0 22. Rxd7 exf5 23. Qc3 Rf7 24. Rxf7 Kxf7 25. Nh5 Qd4 26. Qg3 Re8 27. Qxc7+ Kg6 28. Qg3+ Kxh5 29. Qf3+ Kg6 30. Rxe8 Qxc4 31. Re1 Nd4 32. Qxb7 Ne2+ 33. Kh1 Nf4 34. Qb4 Qc7 35. Qd4 Kg5 36. Qe3 Kg6 37. b4 Nd5 38. Qe8+ Kg5 39. Qe5 Qc4 40. Qxg7+ 1-0

[Event "Oberliga Ost-B 1415"]
[Site "Germany"]
[Date "2014.11.09"]
[Round "4.5"]
[White "Konrad, Lutz"]
[Black "Rensch, Toralf"]
[Result "1-0"]
[WhiteElo "2166"]
[BlackElo "2065"]
[PlyCount "81"]
[EventDate "2014.09.21"]
[EventType "team-tourn"]
[EventRounds "11"]
[EventCountry "GER"]
[SourceTitle "EXT 2016"]
[Source "ChessBase"]
[SourceDate "2015.10.08"]
[SourceVersion "1"]
[SourceVersionDate "2015.10.08"]
[SourceQuality "1"]
[WhiteTeam "Giessen"]
[BlackTeam "Weimar Vimaria"]
[WhiteTeamCountry "GER"]
[BlackTeamCountry "GER"]

1. d4 Nf6 2. Bg5 Ne4 3. Bf4 e6 4. e3 Bd6 5. Bxd6 Nxd6 6. Bd3 f5 7. Nd2 Nc6 8. Ngf3 b6 9. a3 Bb7 10. c4 0-0 11. Qc2 Qf6 12. 0-0-0 a5 13. Qc3 a4 14. Kb1 Qe7 15. Rhe1 Na5 16. Qc2 Ne4 17. Nxe4 fxe4 18. Bxe4 Bxe4 19. Qxe4 Nxc4 20. d5 Nd6 21. Qc2 e5 22. Re2 b5 23. Qc3 e4 24. Nd4 Rac8 25. Qb4 Qe5 26. Qc5 Qxh2 27. f4 Qh5 28. Rg1 Qg4 29. g3 g5 30. Rgg2 Rf6 31. Ka2 Nf5 32. Nxf5 Qxf5 33. g4 Qg6 34. f5 Qf7 35. Qxb5 Rb6 36. Qc4 c6 37. Rc2 Rcb8 38. Qxe4 cxd5 39. Qd4 Rb3 40. Rgd2 R8b5 41. Rc8+ 1-0

[Event "Oberliga Ost-B 1415"]
[Site "Germany"]
[Date "2014.09.21"]
[Round "1.5"]
[White "Konrad, Lutz"]
[Black "Duncker, Joachim"]
[Result "0-1"]
[WhiteElo "2166"]
[BlackElo "2251"]
[PlyCount "66"]
[EventDate "2014.09.21"]
[EventType "team-tourn"]
[EventRounds "11"]
[EventCountry "GER"]
[SourceTitle "EXT 2016"]
[Source "ChessBase"]
[SourceDate "2015.10.08"]
[SourceVersion "1"]
[SourceVersionDate "2015.10.08"]
[SourceQuality "1"]
[WhiteTeam "Giessen"]
[BlackTeam "Marburg"]
[WhiteTeamCountry "GER"]
[BlackTeamCountry "GER"]

1. d4 Nf6 2. Bg5 d5 3. Bxf6 exf6 4. e3 Bd6 5. c4 dxc4 6. Bxc4 0-0 7. Nd2 f5 8. Qc2 Nc6 9. Ngf3 a6 10. a3 Bd7 11. Bd3 Qf6 12. h3 h6 13. Nb3 Ne7 14. Nc5 Bc6 15. Be2 b6 16. Nd3 Be4 17. Qb3 Rfd8 18. 0-0 c5 19. Rac1 cxd4 20. exd4 Nc6 21. d5 Bxd5 22. Qxb6 Bxf3 23. Bxf3 Nd4 24. Rc6 Rdb8 25. Rxd6 Nxf3+ 26. gxf3 Qg5+ 27. Kh2 Rxb6 28. Rxb6 Qd8 29. Rb3 Qd5 30. Nc1 Rc8 31. Rd3 Qe5+ 32. Kh1 Qxb2 33. Rb3 Qa1 0-1

[Event "Oberliga Ost-B 1213"]
[Site "Germany"]
[Date "2013.02.24"]
[Round "8.6"]
[White "Rueger, Erhard"]
[Black "Konrad, Lutz"]
[Result "1/2-1/2"]
[WhiteElo "2154"]
[BlackElo "2193"]
[PlyCount "28"]
[EventDate "2012.09.30"]
[EventType "team-tourn"]
[EventRounds "11"]
[EventCountry "GER"]
[SourceTitle "EXT 2014"]
[Source "ChessBase"]
[SourceDate "2013.11.20"]
[SourceVersion "1"]
[SourceVersionDate "2013.11.20"]
[SourceQuality "1"]
[WhiteTeam "Frankfurt BvK"]
[BlackTeam "Giessen"]
[WhiteTeamCountry "GER"]
[BlackTeamCountry "GER"]

1. Nf3 g6 2. c4 Bg7 3. Nc3 d6 4. g3 e5 5. Bg2 Ne7 6. d4 exd4 7. Nxd4 Nd7 8. 0-0 0-0 9. Qd2 a5 10. b3 Nc5 11. Bb2 Bd7 12. Rad1 Nc6 13. Nd5 Nb4 14. Nc3 Nc6 1/2-1/2

[Event "Oberliga Ost-B 1213"]
[Site "Germany"]
[Date "2013.02.02"]
[Round "6.7"]
[White "Konrad, Lutz"]
[Black "Schmuck, Helmut"]
[Result "0-1"]
[WhiteElo "2193"]
[BlackElo "2088"]
[PlyCount "82"]
[EventDate "2012.09.30"]
[EventType "team-tourn"]
[EventRounds "11"]
[EventCountry "GER"]
[SourceTitle "EXT 2014"]
[Source "ChessBase"]
[SourceDate "2013.11.20"]
[SourceVersion "1"]
[SourceVersionDate "2013.11.20"]
[SourceQuality "1"]
[WhiteTeam "Giessen"]
[BlackTeam "Erfurt Empor"]
[WhiteTeamCountry "GER"]
[BlackTeamCountry "GER"]

1. d4 d5 2. Bg5 g6 3. e3 Bg7 4. c4 c6 5. Nc3 Nf6 6. Nf3 0-0 7. Bd3 Qb6 8. Qd2 Be6 9. c5 Qd8 10. 0-0 Nbd7 11. h3 Bf5 12. Qc2 Bxd3 13. Qxd3 Re8 14. Rad1 e5 15. Nxe5 Nxe5 16. dxe5 Rxe5 17. Bf4 Re8 18. b4 Ne4 19. Na4 b5 20. f3 Ng5 21. Nc3 a5 22. bxa5 Rxa5 23. Ne4 Ne6 24. Qc2 Nxf4 25. exf4 Qh4 26. Nd6 Rea8 27. Rfe1 Qxf4 28. Qf2 Be5 29. Rxe5 Qxe5 30. Re1 Qc3 31. Re3 Qa1+ 32. Kh2 Rxa2 33. Qg3 Qf6 34. f4 b4 35. f5 R2a3 36. Ne8 Qxf5 37. Nd6 Qf6 38. Ne8 Qd4 39. Rxa3 bxa3 40. Nc7 Ra4 41. Qb3 Qb4 0-1

[Event "Oberliga Ost-B 1213"]
[Site "Germany"]
[Date "2012.09.30"]
[Round "1.5"]
[White "Haubt, Georg"]
[Black "Konrad, Lutz"]
[Result "1-0"]
[WhiteElo "2265"]
[BlackElo "2193"]
[PlyCount "93"]
[EventDate "2012.09.30"]
[EventType "team-tourn"]
[EventRounds "11"]
[EventCountry "GER"]
[SourceTitle "EXT 2014"]
[Source "ChessBase"]
[SourceDate "2013.11.20"]
[SourceVersion "1"]
[SourceVersionDate "2013.11.20"]
[SourceQuality "1"]
[WhiteTeam "Oberursel"]
[BlackTeam "Giessen"]
[WhiteTeamCountry "GER"]
[BlackTeamCountry "GER"]

1. e4 g6 2. d4 Bg7 3. Nc3 a6 4. a4 d6 5. Be3 Nf6 6. h3 Nbd7 7. f4 Nh5 8. Nge2 e5 9. fxe5 dxe5 10. d5 Qf6 11. Qd2 Nb6 12. b3 Nf4 13. a5 Nd7 14. g3 Nxe2 15. Bxe2 Qd6 16. g4 c6 17. Rf1 0-0 18. Bc4 Nf6 19. Qf2 Qb4 20. Bd2 Qd6 21. Bc1 Qb4 22. Bd2 Qd6 23. Qb6 Nd7 24. Qe3 Qc5 25. dxc6 bxc6 26. Na4 Qe7 27. Bc1 Qh4+ 28. Qf2 Qxf2+ 29. Rxf2 Bf6 30. g5 Be7 31. Be3 Kg7 32. 0-0-0 Ba3+ 33. Kb1 Bb4 34. c3 Bxa5 35. Rfd2 Rd8 36. b4 Bc7 37. Rf2 Rf8 38. Rdf1 f6 39. Nc5 Nb6 40. Be6 Na4 41. gxf6+ Kh8 42. Bh6 Bxe6 43. Nxe6 Nxc3+ 44. Kc2 Nxe4 45. Bxf8 Nxf2 46. Rxf2 Bb6 47. Bg7+ 1-0

[Event "Oberliga Ost-B 1112"]
[Site "Germany"]
[Date "2011.10.23"]
[Round "3.7"]
[White "Hierling, Stefan"]
[Black "Konrad, Lutz"]
[Result "1/2-1/2"]
[WhiteElo "2046"]
[BlackElo "2190"]
[PlyCount "89"]
[EventDate "2011.10.02"]
[EventType "team-tourn"]
[EventRounds "11"]
[EventCountry "GER"]
[SourceTitle "EXT 2013"]
[Source "ChessBase"]
[SourceDate "2012.11.22"]
[SourceVersion "1"]
[SourceVersionDate "2012.11.22"]
[SourceQuality "1"]
[WhiteTeam "Offenbach"]
[BlackTeam "Giessen"]
[WhiteTeamCountry "GER"]
[BlackTeamCountry "GER"]

1. e4 g6 2. d4 Bg7 3. Nf3 d6 4. h3 Nf6 5. Bd3 0-0 6. 0-0 Nbd7 7. Be3 c5 8. c3 Qc7 9. Nbd2 b6 10. Rc1 Bb7 11. b3 Rac8 12. Rc2 b5 13. Qe2 c4 14. bxc4 bxc4 15. Bxc4 Nxe4 16. Nxe4 Qxc4 17. Qxc4 Rxc4 18. Ned2 Rc7 19. Rfc1 Rfc8 20. Ne1 Ba6 21. c4 e5 22. Nef3 exd4 23. Nxd4 Ne5 24. N4b3 Nd3 25. Rd1 Nb4 26. Rcc1 Nxa2 27. Rc2 Nb4 28. Rcc1 Nd3 29. Rc2 Ne5 30. Ra2 Bxc4 31. Rxa7 Rxa7 32. Bxa7 Bb5 33. Be3 Nc4 34. Nxc4 Bxc4 35. Nd2 Be2 36. Re1 Bd3 37. Nf3 d5 38. Nd4 Re8 39. Nf3 d4 40. Bxd4 Rxe1+ 41. Nxe1 Bxd4 42. Nxd3 f5 43. Kf1 Kf7 44. Ke2 g5 45. g4 1/2-1/2

[Event "Oberliga Ost-B 0910"]
[Site "Germany"]
[Date "2010.01.23"]
[Round "6.8"]
[White "Konrad, Lutz"]
[Black "Hrubesch, Andreas"]
[Result "1-0"]
[WhiteElo "2185"]
[BlackElo "1849"]
[PlyCount "105"]
[EventDate "2009.10.18"]
[EventType "team-tourn"]
[EventRounds "11"]
[EventCountry "GER"]
[SourceTitle "EXT 2011"]
[Source "ChessBase"]
[SourceDate "2010.11.26"]
[SourceVersion "1"]
[SourceVersionDate "2010.11.26"]
[SourceQuality "1"]
[WhiteTeam "Giessen"]
[BlackTeam "Steinbach"]
[WhiteTeamCountry "GER"]
[BlackTeamCountry "GER"]

1. d4 Nf6 2. Bg5 e6 3. e4 Be7 4. e5 Nd5 5. Bxe7 Qxe7 6. c4 Nb6 7. Nc3 Nc6 8. Nf3 d6 9. exd6 cxd6 10. Be2 0-0 11. 0-0 Qd8 12. Qc2 h6 13. Rad1 d5 14. c5 Nd7 15. a3 a5 16. Qa4 Nf6 17. b4 Bd7 18. b5 Ne7 19. Ne5 Qc7 20. Bd3 Rfc8 21. Qc2 b6 22. c6 Nxc6 23. bxc6 Bxc6 24. Rc1 Qe7 25. Qb2 Be8 26. Nb5 g6 27. Rc3 Bxb5 28. Bxb5 Ne4 29. Rxc8+ Rxc8 30. Rc1 Rxc1+ 31. Qxc1 Nd6 32. Bd3 b5 33. Qc5 Kf8 34. Nc6 Qc7 35. Bxb5 Kg7 36. Bd3 Nb7 37. Qc2 Qb6 38. g3 Nd6 39. Qc5 Qb3 40. Qxd6 Qxd3 41. Qe5+ Kh7 42. Nxa5 Qb5 43. Qe1 Qb2 44. Qe3 Qb5 45. Nb3 Qa4 46. Nc5 Qc2 47. a4 Qc4 48. Kg2 Qb4 49. Qf4 Kg7 50. Qc7 Kg8 51. a5 Qxd4 52. a6 Qc4 53. a7 1-0

[Event "Oberliga Ost-B 0809"]
[Site "Germany"]
[Date "2009.03.29"]
[Round "11.6"]
[White "August, Christian"]
[Black "Konrad, Lutz"]
[Result "1-0"]
[WhiteElo "2137"]
[BlackElo "2201"]
[PlyCount "85"]
[EventDate "2008.10.26"]
[EventType "team-tourn"]
[EventRounds "11"]
[EventCountry "GER"]
[SourceTitle "EXT 2010"]
[Source "ChessBase"]
[SourceDate "2010.11.25"]
[SourceVersion "1"]
[SourceVersionDate "2010.11.25"]
[SourceQuality "1"]
[WhiteTeam "Erfurt SK II"]
[BlackTeam "Giessen"]
[WhiteTeamCountry "GER"]
[BlackTeamCountry "GER"]

1. e4 d6 2. d4 Nf6 3. Nc3 g6 4. Be3 a6 5. a4 Ng4 6. Bg5 h6 7. Bh4 Bg7 8. Be2 Nf6 9. f4 c6 10. Nf3 Qa5 11. 0-0 Bg4 12. h3 Bxf3 13. Bxf3 g5 14. Be1 gxf4 15. Nd5 Qd8 16. Nxf4 Nbd7 17. Ne6 fxe6 18. Bh5+ Kf8 19. Qg4 Rh7 20. Qxe6 Bh8 21. Ra3 Nc5 22. dxc5 Qc8 23. Qc4 d5 24. exd5 cxd5 25. Qxd5 Qc6 26. Qxc6 bxc6 27. Bf3 Rc8 28. Rb3 Rf7 29. Bc3 Kg8 30. Be2 Nd5 31. Bxh8 Rxf1+ 32. Bxf1 Kxh8 33. Bxa6 Ra8 34. Bb7 Rxa4 35. Bxc6 Ra1+ 36. Kh2 Nf4 37. Bf3 Ra5 38. Rc3 Ne6 39. b4 Rb5 40. Re3 Ng5 41. c3 e6 42. h4 Nxf3+ 43. gxf3 1-0

[Event "Giessen op"]
[Site "Giessen"]
[Date "2009.??.??"]
[Round "4"]
[White "Noell, Thomas"]
[Black "Konrad, Lutz"]
[Result "0-1"]
[WhiteElo "1800"]
[BlackElo "2185"]
[PlyCount "78"]
[EventDate "2009.??.??"]
[EventType "swiss"]
[EventRounds "7"]
[EventCountry "GER"]
[SourceTitle "EXT 2011"]
[Source "ChessBase"]
[SourceDate "2010.11.26"]
[SourceVersion "1"]
[SourceVersionDate "2010.11.26"]
[SourceQuality "1"]

1. d4 g6 2. Nf3 Bg7 3. Bg5 d6 4. e3 h6 5. Bh4 Nd7 6. Be2 Ngf6 7. Nbd2 0-0 8. 0-0 Qe8 9. c4 e5 10. Rc1 Nh7 11. dxe5 dxe5 12. e4 b6 13. Ne1 Bb7 14. f3 f5 15. Nd3 c5 16. b4 Nhf6 17. exf5 gxf5 18. bxc5 e4 19. Nf4 Nxc5 20. Nb3 Rd8 21. Nd5 Kh8 22. Nxc5 bxc5 23. Qb3 Nxd5 24. Bxd8 Nf4 25. Bd1 Qxd8 26. Qxb7 Nxg2 27. Ba4 Nf4 28. Kh1 e3 29. Bc2 Ne2 30. Rcd1 Qh4 31. Rfe1 Ng3+ 32. Kg2 Nh5 33. Rxe3 Qg5+ 34. Kf2 Bd4 35. Rxd4 cxd4 36. Re7 Qd2+ 37. Re2 Qf4 38. Kg2 Rg8+ 39. Kh3 Rg3+ 0-1

[Event "Oberliga Ost-B 0809"]
[Site "Germany"]
[Date "2008.10.26"]
[Round "1.7"]
[White "Hahn, Werner"]
[Black "Konrad, Lutz"]
[Result "1/2-1/2"]
[WhiteElo "2159"]
[BlackElo "2201"]
[PlyCount "52"]
[EventDate "2008.10.26"]
[EventType "team-tourn"]
[EventRounds "11"]
[EventCountry "GER"]
[SourceTitle "EXT 2010"]
[Source "ChessBase"]
[SourceDate "2010.11.25"]
[SourceVersion "1"]
[SourceVersionDate "2010.11.25"]
[SourceQuality "1"]
[WhiteTeam "Griesheim"]
[BlackTeam "Giessen"]
[WhiteTeamCountry "GER"]
[BlackTeamCountry "GER"]

1. d4 g6 2. c4 Bg7 3. Nf3 d6 4. Nc3 Nd7 5. e4 e5 6. g3 Ne7 7. Bg2 0-0 8. 0-0 exd4 9. Nxd4 a6 10. b3 Ne5 11. Bb2 Rb8 12. Qd2 f5 13. f4 Nf7 14. Rad1 c5 15. Nf3 b5 16. cxb5 axb5 17. e5 dxe5 18. Qxd8 Rxd8 19. Rxd8+ Nxd8 20. Nxe5 Be6 21. Rd1 Nf7 22. Nd5 Nxd5 23. Bxd5 Rd8 24. Nxf7 Rxd5 25. Rxd5 Bxd5 26. Bxg7 Kxf7 1/2-1/2